[Event "GER-chT U14 Girls"]
[Site "Willingen"]
[Date "2021.06.26"]
[Round "6.3"]
[White "Dixon Quiroz, Laura Michaela"]
[Black "Schuelke, Rosalie"]
[Result "1/2-1/2"]
[WhiteElo "1304"]
[BlackElo "1407"]
[PlyCount "73"]
[EventDate "2021.06.23"]
[EventType "team-swiss"]
[EventRounds "7"]
[EventCountry "GER"]
[SourceTitle "EXT 2022"]
[Source "ChessBase"]
[SourceDate "2021.10.06"]
[SourceVersion "1"]
[SourceVersionDate "2021.10.06"]
[SourceQuality "1"]
[WhiteTeam "Offenbach"]
[BlackTeam "Weisse Dame"]
[WhiteTeamCountry "GER"]
[BlackTeamCountry "GER"]

1. e4 e6 2. d4 d5 3. e5 c5 4. c3 Nc6 5. Nf3 Qb6 6. a3 a5 7. Bd3 Bd7 8. Bc2 Be7 9. Ra2 f6 10. Bf4 cxd4 11. cxd4 Rc8 12. Nc3 f5 13. Qd2 Bd8 14. Bg5 h6 15. Bxd8 Nxd8 16. Bd3 Ne7 17. 0-0 g5 18. h4 g4 19. Nh2 Ng6 20. h5 Ne7 21. Be2 Nf7 22. Raa1 Ng5 23. f4 Ne4 24. Nxe4 dxe4 25. g3 Nd5 26. Rfc1 0-0 27. Nf1 Rc7 28. Rxc7 Qxc7 29. Rc1 Qb6 30. Rc5 a4 31. Bc4 Bc6 32. Ne3 Rd8 33. Kf2 Kf7 34. Bxd5 Bxd5 35. Qb4 Qxb4 36. axb4 Ke8 37. Rc7 1/2-1/2

[Event "GER-chT Christmas U20 Girls"]
[Site "Playchess.com INT"]
[Date "2020.12.29"]
[Round "7.3"]
[White "Dixon Quiroz, Laura Michaela"]
[Black "Koeppel, Clementine"]
[Result "1-0"]
[WhiteElo "1304"]
[BlackElo "1244"]
[PlyCount "163"]
[EventDate "2020.12.29"]
[EventType "team-swiss (blitz)"]
[EventRounds "7"]
[EventCountry "GER"]
[SourceTitle "CBM 200 Extra"]
[Source "ChessBase"]
[SourceDate "2021.03.31"]
[SourceVersion "1"]
[SourceVersionDate "2021.03.31"]
[SourceQuality "1"]
[WhiteTeam "Offenbach"]
[BlackTeam "Oberkotzau"]
[WhiteTeamCountry "GER"]
[BlackTeamCountry "GER"]

1. e4 e5 2. Nf3 Nf6 3. Nc3 Nc6 4. Bc4 Nxe4 5. Nxe4 d5 6. Bb5 dxe4 7. Bxc6+ bxc6 8. Nxe5 c5 9. Qe2 Bd6 10. Qxe4 Bxe5 11. Qxa8 c6 12. Qxc6+ Bd7 13. Qxc5 Bb8 14. 0-0 a6 15. Re1+ Be6 16. d4 Qc7 17. g3 Qb7 18. d5 Ba7 19. Qc6+ Qxc6 20. dxc6 Ke7 21. Bf4 Rc8 22. c7 Bb6 23. Rad1 Bxc7 24. Bxc7 Rxc7 25. Rd2 Kf6 26. f4 Bxa2 27. b3 a5 28. g4 a4 29. bxa4 g5 30. Rd6+ Kg7 31. fxg5 Rxc2 32. a5 Be6 33. a6 Ra2 34. h3 Bc8 35. Red1 Bxa6 36. R1d2 Bc4 37. Rxa2 Bxa2 38. Kf2 Be6 39. Kf3 Kg6 40. Kf4 h6 41. h4 hxg5+ 42. hxg5 Kg7 43. Rd1 Bb3 44. Re1 Kg6 45. Rh1 Bd5 46. Rh6+ Kg7 47. Kf5 Be6+ 48. Kf4 Bd5 49. Ke5 Bf3 50. Kf5 Bd5 51. Ra6 Bc4 52. Rb6 Bd3+ 53. Ke5 Be2 54. Kf4 Bc4 55. Ke5 Be2 56. Kf5 Bd3+ 57. Kf4 Bc4 58. Rf6 Bd3 59. Ke3 Bc2 60. Kf4 Bd3 61. Ke5 Bc2 62. Kd6 Bd3 63. Ke7 Bc4 64. Rd6 Bd3 65. Rxd3 Kg6 66. Rd5 Kg7 67. Rf5 Kg6 68. Rxf7 Kxg5 69. Rg7+ Kf4 70. g5 Kf5 71. g6 Kg5 72. Kf7 Kh6 73. Rh7+ Kg5 74. g7 Kf5 75. g8Q Kf4 76. Qe8 Kf3 77. Qe5 Kf2 78. Qc3 Kg2 79. Qh3+ Kf2 80. Rg7 Ke2 81. Rg2+ Kf1 82. Qh1# 1-0

[Event "GER-chT Christmas U16 Steinitz"]
[Site "Playchess.com INT"]
[Date "2020.12.28"]
[Round "7.4"]
[White "Laucht, Philipp"]
[Black "Dixon Quiroz, Laura Michaela"]
[Result "1-0"]
[WhiteElo "1481"]
[BlackElo "1304"]
[PlyCount "105"]
[EventDate "2020.12.28"]
[EventType "team-swiss (blitz)"]
[EventRounds "7"]
[EventCountry "GER"]
[SourceTitle "CBM 200 Extra"]
[Source "ChessBase"]
[SourceDate "2021.03.31"]
[SourceVersion "1"]
[SourceVersionDate "2021.03.31"]
[SourceQuality "1"]
[WhiteTeam "Eppendorf Johanneum"]
[BlackTeam "Offenbach"]
[WhiteTeamCountry "GER"]
[BlackTeamCountry "GER"]

1. e4 d5 2. exd5 Qxd5 3. Nc3 Qd6 4. Nf3 c6 5. Bc4 Bg4 6. 0-0 e6 7. d3 Nd7 8. Ne4 Qc7 9. Be3 Be7 10. h3 Bh5 11. Ng3 Bg6 12. Bd4 Ngf6 13. Qe2 0-0 14. Ne5 Bd6 15. Nxd7 Nxd7 16. Ne4 Bh2+ 17. Kh1 b5 18. Bb3 Be5 19. Bxe5 Qxe5 20. Rab1 Nc5 21. f3 Bxe4 22. fxe4 a5 23. a3 Rad8 24. Ba2 Rd7 25. Qd2 Nxe4 26. Qxa5 Ng3+ 27. Kg1 Nxf1 28. Kxf1 Qf4+ 29. Kg1 Qe3+ 30. Kh1 Rd4 31. Qc3 Rf4 32. Qxc6 Qe2 33. Bb3 Rf2 34. Rg1 Rf5 35. Qc3 Rf1 36. Rxf1 Qxf1+ 37. Kh2 Qf4+ 38. Kh1 Qe3 39. Qc6 Qc1+ 40. Kh2 Qf4+ 41. g3 Qf2+ 42. Qg2 Qxg2+ 43. Kxg2 Rd8 44. Kf3 f5 45. a4 bxa4 46. Bxa4 Rd6 47. Kf4 Kf7 48. Bb3 Kf6 49. Ke3 g5 50. Kf3 Ra6 51. g4 Ra1 52. gxf5 exf5 53. Kg3 1-0

[Event "Heusenstamm Sparkassen op-B 6th"]
[Site "Heusenstamm"]
[Date "2019.11.24"]
[Round "6"]
[White "Dixon Quiroz, Laura Michaela"]
[Black "Ghaznavi, Massoud"]
[Result "1-0"]
[WhiteElo "1272"]
[BlackElo "1562"]
[PlyCount "109"]
[EventDate "2019.11.21"]
[EventType "swiss"]
[EventRounds "7"]
[EventCountry "GER"]
[SourceTitle "CBM 194 Extra"]
[Source "ChessBase"]
[SourceDate "2020.03.31"]
[SourceVersion "1"]
[SourceVersionDate "2020.03.31"]
[SourceQuality "1"]

1. e4 c6 2. d4 d5 3. e5 Bf5 4. Nf3 e6 5. Be3 Ne7 6. Nbd2 Ng6 7. Be2 Bb4 8. c3 Ba5 9. 0-0 h6 10. Rc1 b5 11. b4 Bb6 12. a4 a6 13. a5 Ba7 14. h3 Ne7 15. Nh2 Bg6 16. f4 Nf5 17. Bf2 Nd7 18. Ndf3 Rc8 19. Qe1 f6 20. Nh4 Bh7 21. Bh5+ Kf8 22. Ng6+ Bxg6 23. Bxg6 Ne7 24. Bd3 f5 25. Bh4 Qe8 26. g4 g5 27. fxg5 hxg5 28. Bxg5 Qg6 29. h4 Ke8 30. Rc2 Qg7 31. gxf5 Qxe5 32. Re2 Bxd4+ 33. cxd4 Qxd4+ 34. Kh1 e5 35. Bxe7 Kxe7 36. Bc2 Rxh4 37. Qg3 Rf8 38. f6+ Kd8 39. Qg7 Qxb4 40. Rfe1 Qd6 41. f7 Rh5 42. Bg6 Rg5 43. Rg2 Rxg2 44. Kxg2 Qb4 45. Re2 Qe7 46. Ng4 Qg5 47. Kh3 e4 48. Re3 Kc7 49. Rc3 b4 50. Rb3 c5 51. Rb1 Kc6 52. Rf1 Qe7 53. Nf6 Ne5 54. Nh7 Nxg6 55. Qxg6+ 1-0

[Event "GER-chT U12"]
[Site "Magdeburg"]
[Date "2018.12.28"]
[Round "3.3"]
[White "Duduka, Artem"]
[Black "Dixon Quiroz, Laura Michaela"]
[Result "1-0"]
[WhiteElo "1589"]
[BlackElo "1481"]
[PlyCount "81"]
[EventDate "2018.12.27"]
[EventType "team-swiss"]
[EventRounds "7"]
[EventCountry "GER"]
[SourceTitle "CBM 188 Extra"]
[Source "ChessBase"]
[SourceDate "2019.02.28"]
[SourceVersion "1"]
[SourceVersionDate "2019.02.28"]
[SourceQuality "1"]
[WhiteTeam "Berlin Nord Ost"]
[BlackTeam "Offenbach"]
[WhiteTeamCountry "GER"]
[BlackTeamCountry "GER"]

1. e4 e5 2. Nf3 Nc6 3. d4 exd4 4. Nxd4 Nf6 5. Nxc6 bxc6 6. e5 Qe7 7. Qe2 Nd5 8. c4 Ba6 9. b3 Nb6 10. f4 Qe6 11. Qf2 0-0-0 12. c5 Bxf1 13. cxb6 Bb5 14. bxc7 Kxc7 15. Qxa7+ Kc8 16. Bd2 Bd6 17. Nc3 Bb8 18. Qa8 d6 19. Nxb5 cxb5 20. Qc6+ Bc7 21. Rc1 Qe7 22. Ba5 dxe5 23. Qa8+ Kd7 24. Rxc7+ Ke6 25. Rxe7+ Kxe7 26. Bxd8+ Rxd8 27. Qxd8+ Kxd8 28. fxe5 Ke7 29. Rf1 Ke6 30. Ke2 f6 31. exf6 gxf6 32. a4 Kd6 33. Rxf6+ Kc7 34. Kd3 bxa4 35. bxa4 Kb7 36. Kc4 Ka7 37. Kb5 Kb7 38. Rf7+ Kb8 39. Kc6 Ka8 40. Kb6 h6 41. Rf8# 1-0

[Event "GER-chT U12"]
[Site "Magdeburg"]
[Date "2018.12.27"]
[Round "1.2"]
[White "Dixon Quiroz, Laura Michaela"]
[Black "Gewondow, Narek"]
[Result "0-1"]
[WhiteElo "1481"]
[BlackElo "1358"]
[PlyCount "72"]
[EventDate "2018.12.27"]
[EventType "team-swiss"]
[EventRounds "7"]
[EventCountry "GER"]
[SourceTitle "CBM 188 Extra"]
[Source "ChessBase"]
[SourceDate "2019.02.28"]
[SourceVersion "1"]
[SourceVersionDate "2019.02.28"]
[SourceQuality "1"]
[WhiteTeam "Offenbach"]
[BlackTeam "Fuerth"]
[WhiteTeamCountry "GER"]
[BlackTeamCountry "GER"]

1. e4 e5 2. Nf3 Nc6 3. Bc4 Bc5 4. c3 Nf6 5. d4 exd4 6. e5 d5 7. exf6 dxc4 8. Qe2+ Be6 9. fxg7 Rg8 10. Bg5 Be7 11. Bxe7 Qxe7 12. cxd4 0-0-0 13. Qe3 Rxg7 14. Rg1 Qd6 15. Nc3 Nb4 16. Kd2 Nd5 17. Nb5 Qb4+ 18. Nc3 Nxe3 19. Kxe3 Qe7 20. Kd2 Qf6 21. Ne2 Bg4 22. Ke3 Bxf3 23. gxf3 Rxg1 24. Rxg1 Re8+ 25. Kd2 Rxe2+ 26. Kxe2 Qxd4 27. Rb1 Qe5+ 28. Kd2 Qxh2 29. Ke3 h5 30. Rd1 Qe5+ 31. Kd2 Qxb2+ 32. Ke3 c3 33. Rh1 c2 34. Kf4 c1Q+ 35. Kf5 Qc5+ 36. Kf4 Qbe5# 0-1

[Event "Heusenstamm Sparkassen op-B 5th"]
[Site "Heusenstamm"]
[Date "2018.11.23"]
[Round "3"]
[White "Kremenetskiy, Igor"]
[Black "Dixon Quiroz, Laura Michaela"]
[Result "0-1"]
[WhiteElo "1520"]
[BlackElo "1163"]
[PlyCount "72"]
[EventDate "2018.11.22"]
[EventType "swiss"]
[EventRounds "7"]
[EventCountry "GER"]
[SourceTitle "CBM 187 Extra"]
[Source "ChessBase"]
[SourceDate "2018.11.04"]
[SourceVersion "1"]
[SourceVersionDate "2018.11.04"]
[SourceQuality "1"]

1. e4 e5 2. Nf3 Nc6 3. Bc4 Bc5 4. Nc3 d6 5. h3 Nf6 6. a3 Be6 7. Bb5 0-0 8. 0-0 a6 9. Be2 d5 10. exd5 Nxd5 11. Ne4 Bd6 12. d3 h6 13. Nh2 Qe7 14. b4 f5 15. Nxd6 cxd6 16. Bb2 b5 17. Bf3 Rac8 18. Re1 Qf6 19. Rc1 Nf4 20. c4 bxc4 21. dxc4 Rfd8 22. Qd2 Qg5 23. Kh1 e4 24. g3 Nd3 25. Qe2 Nxc1 26. Bxc1 Qf6 27. Bb2 Qf7 28. Bg2 Bxc4 29. Qe3 d5 30. Nf1 d4 31. Qc1 Ne5 32. Qa1 Nd3 33. Re2 Nxb2 34. Rxb2 Bxf1 35. Bxf1 d3 36. Qd1 Rc7 0-1

[Event "GER-chT U14 Girls"]
[Site "Neumuenster"]
[Date "2017.12.29"]
[Round "6.3"]
[White "Dixon Quiroz, Laura Michaela"]
[Black "Martin, Anastasia"]
[Result "0-1"]
[WhiteElo "1105"]
[BlackElo "1287"]
[PlyCount "108"]
[EventDate "2017.12.26"]
[EventType "team-swiss"]
[EventRounds "7"]
[EventCountry "GER"]
[SourceTitle "CBM 182 Extra"]
[Source "ChessBase"]
[SourceDate "2018.02.23"]
[SourceVersion "1"]
[SourceVersionDate "2018.02.23"]
[SourceQuality "1"]
[WhiteTeam "Offenbach"]
[BlackTeam "Baden-Baden"]
[WhiteTeamCountry "GER"]
[BlackTeamCountry "GER"]

1. e4 d5 2. exd5 Nf6 3. d4 Nxd5 4. c4 Nb6 5. Nc3 Bf5 6. Nf3 Nc6 7. Be3 Nb4 8. Rc1 e6 9. a3 Nc6 10. h3 h5 11. Be2 f6 12. h4 Qd7 13. Qd2 0-0-0 14. Rd1 e5 15. d5 Ne7 16. b4 Kb8 17. Bxb6 axb6 18. a4 Ng6 19. Ra1 Bxb4 20. Qb2 Ba5 21. 0-0 Nf4 22. Rfc1 Bd3 23. Kf1 e4 24. Nd4 Bxe2+ 25. Ndxe2 Nd3 26. Qc2 Qf5 27. Nd4 Qe5 28. Nce2 Nxc1 29. Rxc1 g5 30. g3 gxh4 31. gxh4 Rhg8 32. Rd1 Qh2 33. Ng3 e3 34. Nf3 Qh3+ 35. Ke2 exf2 36. Kxf2 Rxg3 37. Qe4 b5 38. axb5 Bb6+ 39. Ke2 Qg2+ 40. Ke1 Rxf3 41. Qe2 Bf2+ 42. Kd2 Be3+ 43. Kd3 Bf4+ 44. Qxf3 Qxf3+ 45. Kc2 Qe4+ 46. Kc3 Be5+ 47. Kb4 f5 48. Rf1 Rxd5 49. Rc1 Bb2 50. Rf1 Rd4 51. Kb3 Qd3+ 52. Kxb2 Qxf1 53. c5 Rd3 54. c6 Qe2+ 0-1

[Event "GER-chT U14 Girls"]
[Site "Neumuenster"]
[Date "2017.12.28"]
[Round "3.3"]
[White "Burger, Daiana"]
[Black "Dixon Quiroz, Laura Michaela"]
[Result "0-1"]
[WhiteElo "973"]
[BlackElo "1105"]
[PlyCount "48"]
[EventDate "2017.12.26"]
[EventType "team-swiss"]
[EventRounds "7"]
[EventCountry "GER"]
[SourceTitle "CBM 182 Extra"]
[Source "ChessBase"]
[SourceDate "2018.02.23"]
[SourceVersion "1"]
[SourceVersionDate "2018.02.23"]
[SourceQuality "1"]
[WhiteTeam "Neumarkt"]
[BlackTeam "Offenbach"]
[WhiteTeamCountry "GER"]
[BlackTeamCountry "GER"]

1. d4 d5 2. Nf3 Bf5 3. e3 Nf6 4. Bd3 Ne4 5. 0-0 e6 6. b3 Bd6 7. Ne5 Nd7 8. Bb2 c5 9. f3 Nef6 10. Qe2 Qc7 11. f4 Ne4 12. Qh5 Ndf6 13. Bb5+ Kf8 14. Qxf7+ Qxf7 15. Nxf7 Kxf7 16. Rd1 Rag8 17. Nd2 g5 18. fxg5 Rxg5 19. Nf3 Rg7 20. Ne5+ Bxe5 21. dxe5 Ng4 22. c4 Nxe3 23. Rd3 Rxg2+ 24. Kh1 Nf2# 0-1

[Event "Heusenstamm Sparkassen op U14 4th"]
[Site "Heusenstamm"]
[Date "2017.11.26"]
[Round "5"]
[White "Dixon Quiroz, Laura Michaela"]
[Black "Keck, Johannes"]
[Result "0-1"]
[WhiteElo "1145"]
[BlackElo "1152"]
[PlyCount "78"]
[EventDate "2017.11.24"]
[EventType "swiss"]
[EventRounds "5"]
[EventCountry "GER"]
[SourceTitle "EXT 2019"]
[Source "ChessBase"]
[SourceDate "2018.10.10"]
[SourceVersion "1"]
[SourceVersionDate "2018.10.10"]
[SourceQuality "1"]

1. e4 e5 2. Nf3 Nc6 3. Bc4 Nf6 4. Nc3 Bc5 5. d3 h6 6. 0-0 d6 7. h3 0-0 8. Be3 Bb6 9. d4 Nd7 10. d5 Ne7 11. Nh2 f5 12. Bxb6 axb6 13. Bd3 f4 14. Qf3 Nf6 15. Ne2 Ng6 16. g3 Bxh3 17. Rfe1 Qd7 18. gxf4 exf4 19. Nxf4 Nxd5 20. exd5 Rxf4 21. Qg3 Bf5 22. Re3 Bxd3 23. cxd3 Qf5 24. Rae1 Qg5 25. Qxg5 hxg5 26. a3 Raf8 27. R1e2 Ne5 28. Rg3 Rd4 29. Ree3 Rxd5 30. Rxg5 Rxd3 31. Rxd3 Nxd3 32. Ng4 Nxb2 33. Nh6+ Kh7 34. Nf5 g6 35. Ne3 Rc8 36. Ng4 c5 37. Nf6+ Kg7 38. Nd5 c4 39. f4 Rc5 0-1

[Event "Heusenstamm Sparkassen op U14 4th"]
[Site "Heusenstamm"]
[Date "2017.11.24"]
[Round "1"]
[White "Dixon Quiroz, Laura Michaela"]
[Black "Niesel, Sebastian"]
[Result "1/2-1/2"]
[WhiteElo "1145"]
[BlackElo "765"]
[PlyCount "88"]
[EventDate "2017.11.24"]
[EventType "swiss"]
[EventRounds "5"]
[EventCountry "GER"]
[SourceTitle "EXT 2019"]
[Source "ChessBase"]
[SourceDate "2018.10.10"]
[SourceVersion "1"]
[SourceVersionDate "2018.10.10"]
[SourceQuality "1"]

1. e4 e5 2. Nf3 Nc6 3. Bc4 d6 4. Nc3 Nf6 5. d3 Be7 6. 0-0 0-0 7. h3 h6 8. Nh4 Be6 9. Bb3 Nd4 10. Ne2 Nxb3 11. axb3 Qd7 12. Nf5 Bxf5 13. exf5 Qxf5 14. Ng3 Qe6 15. Qf3 c6 16. Re1 Bd8 17. d4 Bc7 18. Bf4 Rfe8 19. Re2 Re7 20. Rae1 Rae8 21. dxe5 dxe5 22. Nh5 Nxh5 23. Qxh5 Qg6 24. Qf3 Qf6 25. Bg3 Qg6 26. Qc3 Qf6 27. Qe3 b6 28. c4 c5 29. Qc3 Kh8 30. Re3 Re6 31. Rf3 Qg6 32. Bh2 Kg8 33. Rg3 Qf6 34. Re4 Qf5 35. Qe3 Rf6 36. Qe2 Rfe6 37. Rf3 Qg5 38. Rg3 Qf5 39. Rf3 Qg5 40. Rg3 Qf5 41. Rf3 Qg5 42. Rg3 Qf5 43. Rf3 Qg5 44. Rg3 Qf5 1/2-1/2

[Event "GER-chT U10"]
[Site "Magdeburg"]
[Date "2016.12.29"]
[Round "7.3"]
[White "Dixon Quiroz, Laura Michaela"]
[Black "Adelmeyer, Nelly"]
[Result "1-0"]
[WhiteElo "906"]
[BlackElo "1144"]
[PlyCount "51"]
[EventDate "2016.12.27"]
[EventType "team-swiss"]
[EventRounds "7"]
[EventCountry "GER"]
[SourceTitle "EXT 2018"]
[Source "ChessBase"]
[SourceDate "2017.10.13"]
[SourceVersion "1"]
[SourceVersionDate "2017.10.13"]
[SourceQuality "1"]
[WhiteTeam "Offenbach"]
[BlackTeam "Halle Roter Turm"]
[WhiteTeamCountry "GER"]
[BlackTeamCountry "GER"]

1. e4 e5 2. Nf3 Nc6 3. Bc4 Be7 4. Nc3 Nf6 5. d4 exd4 6. Nxd4 Bc5 7. Be3 Qe7 8. 0-0 Nxe4 9. Nxc6 dxc6 10. Nxe4 Bxe3 11. fxe3 0-0 12. Bd3 Qe6 13. Qe2 Qh6 14. Rad1 Qh4 15. Qf2 Qg4 16. Qf3 Qxf3 17. gxf3 Bh3 18. Rf2 Rfe8 19. Rfd2 h6 20. Kf2 Rad8 21. Nc5 b6 22. Ne4 Rd7 23. Ba6 Rxd2+ 24. Rxd2 b5 25. Bb7 Re6 26. Bc8 1-0

[Event "GER-chT U10"]
[Site "Magdeburg"]
[Date "2016.12.29"]
[Round "6.3"]
[White "Dixon Quiroz, Laura Michaela"]
[Black "Duong, Nhat Minh"]
[Result "1-0"]
[WhiteElo "906"]
[BlackElo "847"]
[PlyCount "97"]
[EventDate "2016.12.27"]
[EventType "team-swiss"]
[EventRounds "7"]
[EventCountry "GER"]
[SourceTitle "EXT 2018"]
[Source "ChessBase"]
[SourceDate "2017.10.13"]
[SourceVersion "1"]
[SourceVersionDate "2017.10.13"]
[SourceQuality "1"]
[WhiteTeam "Offenbach"]
[BlackTeam "Norderstedt Harksheide"]
[WhiteTeamCountry "GER"]
[BlackTeamCountry "GER"]

1. e4 e5 2. Nf3 Nc6 3. Bc4 Nf6 4. Nc3 Nxe4 5. Nxe4 d5 6. Bb5 dxe4 7. Nxe5 Bd7 8. Bxc6 bxc6 9. d4 exd3 10. Qxd3 Qe7 11. Bf4 f6 12. Qe3 fxe5 13. Bxe5 Rb8 14. 0-0 c5 15. Rfe1 Bc6 16. Bxc7 Rb7 17. Bd6 Qxe3 18. Rxe3+ Kd7 19. Bxf8 Rxf8 20. Rd1+ Kc8 21. b3 Rf5 22. Rde1 Rg5 23. g3 Rd5 24. Kf1 g6 25. c4 Rd4 26. h4 Rbd7 27. Ke2 Rd2+ 28. Kf1 Rf7 29. f4 Rxa2 30. Re5 Rf5 31. Re7 h6 32. R1e6 Ra1+ 33. Kf2 Ra2+ 34. Ke1 Ra1+ 35. Kd2 Ra2+ 36. Kc3 Bd7 37. Rxg6 Ra6 38. Rxa6 Rf8 39. Rxa7 Rf6 40. Rexd7 Rb6 41. Rf7 Rb7 42. Ra8+ Rb8 43. Rf8+ Kb7 44. Raxb8+ Kc6 45. Rf6+ Kc7 46. Rh8 Kd7 47. Rh7+ Ke8 48. Ra6 Kf8 49. Ra8# 1-0

[Event "GER-chT U10"]
[Site "Magdeburg"]
[Date "2016.12.28"]
[Round "5.3"]
[White "Lieske, Aaron"]
[Black "Dixon Quiroz, Laura Michaela"]
[Result "1/2-1/2"]
[WhiteElo "1001"]
[BlackElo "906"]
[PlyCount "67"]
[EventDate "2016.12.27"]
[EventType "team-swiss"]
[EventRounds "7"]
[EventCountry "GER"]
[SourceTitle "EXT 2018"]
[Source "ChessBase"]
[SourceDate "2017.10.13"]
[SourceVersion "1"]
[SourceVersionDate "2017.10.13"]
[SourceQuality "1"]
[WhiteTeam "Kreuzberg"]
[BlackTeam "Offenbach"]
[WhiteTeamCountry "GER"]
[BlackTeamCountry "GER"]

1. e4 e5 2. Nf3 Nc6 3. Bc4 Bc5 4. Nc3 Nf6 5. d3 h6 6. 0-0 d6 7. h3 0-0 8. Be3 Bxe3 9. fxe3 Be6 10. b3 d5 11. exd5 Nxd5 12. Nxd5 Bxd5 13. Bxd5 Qxd5 14. e4 Qd6 15. Qd2 Rad8 16. Nh4 Qd4+ 17. Qf2 Qxf2+ 18. Rxf2 Nd4 19. Raf1 c5 20. Nf5 Nxf5 21. Rxf5 f6 22. R5f2 b6 23. Rd1 c4 24. Rfd2 cxd3 25. Rxd3 Rxd3 26. Rxd3 g5 27. Rd7 Ra8 28. Rd6 Kg7 29. Kf2 Kg6 30. g4 h5 31. Ke3 Rc8 32. c3 hxg4 33. hxg4 Rh8 34. Rd2 1/2-1/2

[Event "GER-chT U10"]
[Site "Magdeburg"]
[Date "2016.12.27"]
[Round "2.2"]
[White "Dixon Quiroz, Laura Michaela"]
[Black "Hoerhager Celjo, Dino"]
[Result "0-1"]
[WhiteElo "906"]
[BlackElo "861"]
[PlyCount "100"]
[EventDate "2016.12.27"]
[EventType "team-swiss"]
[EventRounds "7"]
[EventCountry "GER"]
[SourceTitle "EXT 2018"]
[Source "ChessBase"]
[SourceDate "2017.10.13"]
[SourceVersion "1"]
[SourceVersionDate "2017.10.13"]
[SourceQuality "1"]
[WhiteTeam "Offenbach"]
[BlackTeam "Duesseldorf SV"]
[WhiteTeamCountry "GER"]
[BlackTeamCountry "GER"]

1. e4 e5 2. Nf3 Nc6 3. Bc4 Bc5 4. d3 Nf6 5. 0-0 d6 6. h3 0-0 7. Bg5 Be6 8. Nc3 Bxc4 9. dxc4 Re8 10. Nd5 Re6 11. c3 h6 12. Bh4 Rb8 13. b4 Bb6 14. b5 Na5 15. Re1 Nxc4 16. Qd3 Nb2 17. Qd2 Nc4 18. Qe2 Na5 19. Nxf6+ Rxf6 20. Bxf6 Qxf6 21. c4 c6 22. bxc6 Nxc6 23. Rad1 Rd8 24. Rd3 Nb4 25. Rd2 Ba5 26. Red1 Nc6 27. Rd5 Kf8 28. Qb2 b6 29. Qa3 Bb4 30. Qa4 Ne7 31. Qxb4 Nxd5 32. Rxd5 Ke7 33. Rxe5+ Kf8 34. Rf5 Qa1+ 35. Kh2 Qxa2 36. Ne5 Kg8 37. Nxf7 Rf8 38. Nxd6 Rxf5 39. Nxf5 Qc2 40. e5 Qxf5 41. Qd6 Qf4+ 42. g3 Qxf2+ 43. Kh1 Qxg3 44. Qe6+ Kf8 45. Qf5+ Ke7 46. e6 Qe1+ 47. Kg2 Qxe6 48. Qh7 Qc6+ 49. Kf2 Qxc4 50. Qxg7+ Qf7+ 0-1

[Event "Heusenstamm Sparkassen op U14 3rd"]
[Site "Heusenstamm"]
[Date "2016.11.27"]
[Round "3"]
[White "Dixon Quiroz, Laura Michaela"]
[Black "Porstendoerfer, Eric"]
[Result "0-1"]
[WhiteElo "906"]
[BlackElo "1145"]
[PlyCount "90"]
[EventDate "2016.11.27"]
[EventType "swiss"]
[EventRounds "5"]
[EventCountry "GER"]
[SourceTitle "EXT 2018"]
[Source "ChessBase"]
[SourceDate "2017.10.13"]
[SourceVersion "1"]
[SourceVersionDate "2017.10.13"]
[SourceQuality "1"]

1. e4 e5 2. Nf3 Nc6 3. Bc4 Bc5 4. c3 Nf6 5. d4 exd4 6. e5 Qe7 7. Qe2 Ng4 8. Bf4 d6 9. cxd4 Nxd4 10. Nxd4 Bxd4 11. 0-0 dxe5 12. Bd2 Qh4 13. h3 Bxf2+ 14. Rxf2 Nxf2 15. Qxf2 Qxc4 16. Nc3 Be6 17. Re1 0-0-0 18. Rxe5 Qd4 19. Re2 Qxf2+ 20. Rxf2 Rd3 21. Kf1 Rhd8 22. Ke1 a6 23. a3 Re8 24. Kd1 Bb3+ 25. Kc1 b5 26. Rxf7 Bxf7 27. Kc2 Bg6 28. Kc1 Be4 29. g4 Rxh3 30. Nxe4 Rh1+ 31. Kc2 Rxe4 32. g5 h5 33. Kd3 Rd4+ 34. Kxd4 Rf1 35. b4 h4 36. Kc3 h3 37. Kb3 h2 38. a4 h1Q 39. axb5 Rf3+ 40. Kc4 Rf5 41. bxa6 Qe4+ 42. Kb3 Rf3+ 43. Ka4 Qc6+ 44. b5 Qc4+ 45. Bb4 Rb3 0-1

[Event "Heusenstamm Sparkassen op U14 3rd"]
[Site "Heusenstamm"]
[Date "2016.11.27"]
[Round "1"]
[White "Edenhaeuser, Hermann"]
[Black "Dixon Quiroz, Laura Michaela"]
[Result "1-0"]
[WhiteElo "1330"]
[BlackElo "906"]
[PlyCount "107"]
[EventDate "2016.11.27"]
[EventType "swiss"]
[EventRounds "5"]
[EventCountry "GER"]
[SourceTitle "EXT 2018"]
[Source "ChessBase"]
[SourceDate "2017.10.13"]
[SourceVersion "1"]
[SourceVersionDate "2017.10.13"]
[SourceQuality "1"]

1. e4 e5 2. Nf3 Nc6 3. Bc4 Bc5 4. c3 Nf6 5. d4 exd4 6. e5 Ng8 7. cxd4 Bb4+ 8. Bd2 Bxd2+ 9. Nbxd2 d6 10. 0-0 Nge7 11. exd6 Qxd6 12. Ng5 0-0 13. Ndf3 Bg4 14. Nxf7 Rxf7 15. Bxf7+ Kxf7 16. Ng5+ Kg8 17. Qxg4 a5 18. Qe6+ Qxe6 19. Nxe6 Nd5 20. Rac1 Re8 21. Rfe1 Kf7 22. Ng5+ Kf8 23. Nxh7+ Kf7 24. Ng5+ Kf8 25. Rxe8+ Kxe8 26. Rc5 Nf4 27. d5 Ne7 28. Rxc7 Nexd5 29. Rxb7 a4 30. Ra7 Nb6 31. Ne6 Nxe6 32. Ra6 Nc5 33. Rxb6 Nd3 34. h4 Kf8 35. g4 Ne5 36. Ra6 Nxg4 37. Rxa4 Nf6 38. Rf4 Kf7 39. b4 Kg6 40. Rxf6+ Kxf6 41. b5 Ke7 42. a4 Kd7 43. a5 Kc7 44. b6+ Kb7 45. f4 Ka6 46. h5 Kb7 47. h6 gxh6 48. f5 h5 49. f6 Kc6 50. f7 h4 51. f8Q Kb5 52. b7 Kxa5 53. b8Q Ka6 54. Qa3# 1-0